[Event "3th Serbian Open 2023"]
[Site "Hotel Metropol, Serbia"]
[Date "2023.07.18"]
[Round "3.26"]
[White "Akhmedov, David"]
[Black "Tsvetkov, Andrey"]
[Result "1/2-1/2"]
[WhiteElo "2213"]
[BlackElo "2412"]
[PlyCount "83"]
[EventDate "2023.??.??"]

1. e4 c5 2. Nf3 d6 3. d4 cxd4 4. Nxd4 Nf6 5. Nc3 a6 6. h3 h6 7. g4 e6 8. Bg2 Be7 9. Be3 Nc6 10. O-O Ne5 11. b3 g5 12. Nce2 h5 13. f3 hxg4 14. fxg4 d5 15. exd5 Nxd5 16. Bf2 Qc7 17. c4 Nf4 18. Nxf4 gxf4 19. Qe2 Bd7 20. Rad1 O-O-O 21. Rfe1 Nc6 22. Nb5 axb5 23. cxb5 Ba3 24. bxc6 Bxc6 25. Rxd8+ Rxd8 26. Bxc6 Qxc6 27. Qe4 Qc7 28. Qa4 Bd6 29. Re4 Bc5 30. Qc4 f3 31. Kf1 Rd1+ 32. Re1 Rd5 33. Rc1 Qh2 34. Bxc5 Kb8 35. Be3 Qxh3+ 36. Ke1 Qh4+ 37. Bf2 Re5+ 38. Kd1 Qd8+ 39. Kc2 Re2+ 40. Kb1 Rxf2 41. Qf4+ Ka8 42. Qa4+ 1/2-1/2

[Event "3th Serbian Open 2023"]
[Site "Hotel Metropol, Serbia"]
[Date "2023.07.18"]
[Round "3.28"]
[White "Aakash Sharadchandra, Dalvi"]
[Black "Putrenko, Kirill"]
[Result "1-0"]
[WhiteElo "2210"]
[BlackElo "2385"]
[PlyCount "109"]
[EventDate "2023.??.??"]

1. d4 Nf6 2. c4 e6 3. Nf3 d5 4. Nc3 Bb4 5. cxd5 exd5 6. Bg5 h6 7. Bh4 O-O 8. e3 Bf5 9. Be2 Nbd7 10. Qb3 Qe7 11. O-O c6 12. a3 Bxc3 13. bxc3 b5 14. a4 a6 15. Qb4 Qe6 16. axb5 axb5 17. Bxf6 Qxf6 18. Nd2 Qg6 19. Nb3 Be4 20. g3 h5 21. Qe7 Nf6 22. Nc5 h4 23. Qb7 hxg3 24. hxg3 Rxa1 25. Rxa1 Qh6 26. Nxe4 Nxe4 27. Ra8 Qd6 28. Rc8 Qe6 29. Rxf8+ Kxf8 30. Bf3 Nxc3 31. Qa8+ Ke7 32. Qa3+ Qd6 33. Qxc3 b4 34. Qb3 Qb8 35. Be2 Qb6 36. Kg2 g6 37. Qb2 Qa5 38. Bd1 Qb5 39. Bb3 f5 40. Qc2 Kd6 41. g4 fxg4 42. Qxg6+ Kc7 43. Qxg4 Qd3 44. Qd1 Qe4+ 45. Kf1 Qh1+ 46. Ke2 Qh5+ 47. Kd2 Qf5 48. f4 Qe4 49. Qf1 Kb6 50. f5 c5 51. dxc5+ Kxc5 52. Qd3 Qg2+ 53. Kc1 Qg1+ 54. Kb2 Qg7+ 55. Qd4+ 1-0

[Event "3th Serbian Open 2023"]
[Site "Hotel Metropol, Serbia"]
[Date "2023.07.18"]
[Round "3.25"]
[White "Mitsis, Georgios"]
[Black "Chubakov, Sultan"]
[Result "1-0"]
[WhiteElo "2412"]
[BlackElo "2205"]
[PlyCount "85"]
[EventDate "2023.??.??"]

1. d4 d5 2. Nf3 Nf6 3. c4 c6 4. e3 Bf5 5. Nc3 e6 6. Nh4 Be4 7. f3 Bg6 8. Qb3 Qc7 9. Bd2 Be7 10. O-O-O dxc4 11. Qxc4 a6 12. Nxg6 hxg6 13. Qb3 b5 14. Kb1 c5 15. dxc5 Nbd7 16. Qa3 Bxc5 17. b4 Be7 18. Nxb5 Qb7 19. Nd4 O-O 20. Qb2 Rab8 21. a3 Nd5 22. Be2 Bf6 23. Rc1 N7b6 24. Rc2 e5 25. Nc6 e4 26. Qb3 Rbc8 27. Rhc1 exf3 28. Bxf3 Qd7 29. e4 Ne7 30. e5 Nxc6 31. Bxc6 Rxc6 32. Rxc6 Bxe5 33. R1c2 Nd5 34. R6c5 Rd8 35. Bc1 Bd4 36. R5c4 Nb6 37. Rc7 Qf5 38. Qf3 Qe6 39. Re2 Qd5 40. Rcc2 Qb5 41. Red2 Nc4 42. Rd1 a5 43. Qe2 1-0

[Event "3th Serbian Open 2023"]
[Site "Hotel Metropol, Serbia"]
[Date "2023.07.18"]
[Round "3.10"]
[White "Andersen, Gunnar"]
[Black "Doraszelski, Alexander"]
[Result "1/2-1/2"]
[WhiteElo "2279"]
[BlackElo "2071"]
[PlyCount "60"]
[EventDate "2023.??.??"]

1. e4 c5 2. Nf3 d6 3. d4 cxd4 4. Nxd4 Nf6 5. Nc3 a6 6. Be2 e5 7. Nb3 Be7 8. O-O O-O 9. Qd3 Be6 10. Bd2 Nbd7 11. Nd5 Bxd5 12. exd5 a5 13. a4 Qc7 14. c4 g6 15. Kh1 Ne8 16. g4 Bf6 17. Qe4 Bg7 18. Ra3 Qd8 19. Rg1 b6 20. Be3 Qh4 21. Nd2 Nc5 22. Qg2 Ra7 23. g5 e4 24. f4 exf3 25. Qxf3 Be5 26. Rg2 Bd4 27. Rg4 Qe1+ 28. Rg1 Qh4 29. Rg4 Qe1+ 30. Rg1 Qh4 1/2-1/2

[Event "3th Serbian Open 2023"]
[Site "Hotel Metropol, Serbia"]
[Date "2023.07.18"]
[Round "3.11"]
[White "Herrera, Juan Sebastian"]
[Black "Vershinin, Igor"]
[Result "1-0"]
[WhiteElo "2277"]
[BlackElo "2027"]
[PlyCount "107"]
[EventDate "2023.??.??"]

1. d4 d5 2. c4 e6 3. Nc3 c6 4. e3 f5 5. Nf3 Nf6 6. Bd3 Bd6 7. O-O O-O 8. b3 Qe7 9. Bb2 Ne4 10. Ne2 Nd7 11. Ne5 Nxe5 12. dxe5 Bc5 13. Qc2 b6 14. Nd4 Bxd4 15. exd4 dxc4 16. Bxe4 fxe4 17. bxc4 Ba6 18. Rac1 c5 19. Qxe4 cxd4 20. Qxd4 Rad8 21. Qe3 Qh4 22. Rfe1 Rc8 23. c5 bxc5 24. Rxc5 Rxc5 25. Qxc5 Bb7 26. Ba3 Rc8 27. Qxa7 Bd5 28. Qe3 Bxa2 29. Rd1 Bd5 30. Rd4 Qh5 31. h3 Qf7 32. Rf4 Qb7 33. Rg4 Qb1+ 34. Kh2 h5 35. Rg5 Qe4 36. Qg3 Rc7 37. Rxh5 Rf7 38. Rh4 Qe2 39. Bc5 Rf5 40. Bd4 Rf7 41. Rg4 Rd7 42. Be3 Qd3 43. Qh4 Qh7 44. Qg3 Qd3 45. Rd4 Qf5 46. Rf4 Qh5 47. Rg4 Rf7 48. Rg6 Kh7 49. Rg5 Qd1 50. Qh4+ Kg8 51. Rh5 Rf5 52. Rh8+ Kf7 53. Qd8 Qa4 54. Qg8+ 1-0

[Event "3th Serbian Open 2023"]
[Site "Hotel Metropol, Serbia"]
[Date "2023.07.18"]
[Round "3.27"]
[White "Harshad, S."]
[Black "Tadic, Stefan"]
[Result "1-0"]
[WhiteElo "2222"]
[BlackElo "2402"]
[PlyCount "95"]
[EventDate "2023.??.??"]

1. e4 e5 2. Nf3 Nc6 3. Bb5 a6 4. Ba4 Bc5 5. O-O Nge7 6. c3 Ng6 7. d4 Ba7 8. Bg5 f6 9. Be3 O-O 10. Nbd2 d6 11. Re1 Kh8 12. h3 Nce7 13. Bc2 c6 14. Nf1 Be6 15. Ng3 Qd7 16. b3 Nf4 17. Qd2 Neg6 18. Nf5 Bb8 19. Rad1 Qf7 20. g3 d5 21. h4 Nh3+ 22. Kh2 Ne7 23. dxe5 fxe5 24. Bc5 dxe4 25. Bxe7 Re8 26. Bxe4 Bxf5 27. Ng5 Nxg5 28. Bxg5 Bxe4 29. Rxe4 Ba7 30. Rf1 h6 31. Be3 Qd5 32. Qc2 Bxe3 33. Rxe3 Rad8 34. Rfe1 Re7 35. Qe2 Qd2 36. Kg2 Qxe2 37. R1xe2 Rde8 38. Re4 g5 39. hxg5 hxg5 40. Kf3 Kg7 41. Kg4 Kf6 42. R2e3 Rh8 43. Rf3+ Ke6 44. Rf5 Kd5 45. Re2 Rh2 46. Kxg5 b5 47. Rd2+ Kc5 48. Kf6 1-0

[Event "3th Serbian Open 2023"]
[Site "Hotel Metropol, Serbia"]
[Date "2023.07.18"]
[Round "3.13"]
[White "Toncheva, Nadya"]
[Black "Sunyuktha, C M N"]
[Result "1-0"]
[WhiteElo "2263"]
[BlackElo "1945"]
[PlyCount "121"]
[EventDate "2023.??.??"]

1. d4 d5 2. c4 e6 3. Nc3 Nf6 4. cxd5 exd5 5. Bg5 Be7 6. e3 c6 7. Bd3 O-O 8. Qc2 Nbd7 9. h3 Re8 10. Nf3 Nf8 11. O-O Ne4 12. Bf4 f5 13. Bh2 Ng6 14. Ne2 Bd6 15. Nf4 Ng5 16. Nxg6 Nxf3+ 17. gxf3 hxg6 18. Bxd6 Qxd6 19. f4 Kf7 20. Kg2 Rh8 21. Rg1 Bd7 22. Kh2 b6 23. Rac1 Rac8 24. Ba6 Rc7 25. Be2 c5 26. Bf3 Be6 27. dxc5 bxc5 28. Rg3 d4 29. Rcg1 Rh6 30. Rxg6 Rxg6 31. Bh5 dxe3 32. fxe3 Rd7 33. Bxg6+ Kf8 34. Bxf5 Qd2+ 35. Rg2 Qxc2 36. Bxc2 Bxa2 37. Kg3 c4 38. Bf5 Rd5 39. e4 Rd3+ 40. Kg4 a5 41. e5 Rd4 42. Kg5 a4 43. h4 Bb3 44. Bc2 Kf7 45. h5 Ke6 46. Re2 Bxc2 47. Rxc2 Kd5 48. Re2 Ke6 49. f5+ Kf7 50. e6+ Ke7 51. h6 gxh6+ 52. Kxh6 Kf6 53. Kh7 Rh4+ 54. Kg8 Rg4+ 55. Kf8 Rh4 56. Ke8 c3 57. bxc3 a3 58. Kd7 Rh7+ 59. e7 a2 60. Re6+ Kxf5 61. Ra6 1-0

[Event "3th Serbian Open 2023"]
[Site "Hotel Metropol, Serbia"]
[Date "2023.07.18"]
[Round "3.22"]
[White "Paszewski, Mateusz"]
[Black "Ajay, Karthikeyan"]
[Result "0-1"]
[WhiteElo "2316"]
[BlackElo "2441"]
[PlyCount "80"]
[EventDate "2023.??.??"]

1. e4 c5 2. Nf3 d6 3. d4 Nf6 4. Nc3 cxd4 5. Nxd4 a6 6. h3 e6 7. g4 b5 8. Bg2 Bb7 9. O-O Nfd7 10. a4 bxa4 11. Rxa4 Be7 12. Rb4 Nc5 13. Rxb7 Nxb7 14. e5 d5 15. Nxd5 exd5 16. Nf5 O-O 17. Qxd5 Ra7 18. Nxe7+ Qxe7 19. Be3 Nd8 20. Bc5 Qd7 21. Qb3 Nbc6 22. Bxf8 Kxf8 23. f4 Rb7 24. Qa3+ Qe7 25. Qxa6 Qc5+ 26. Kh1 Rxb2 27. Qc8 Qxc2 28. Rg1 Qe2 29. Qf5 Kg8 30. Qc8 Rd2 31. Qc7 h6 32. Qc8 Ne7 33. Qa8 Ng6 34. f5 Nxe5 35. Rb1 Nec6 36. Rg1 Kh7 37. Qc8 Ne5 38. Qa8 Ndc6 39. f6 gxf6 40. Qf8 Nd4 0-1

[Event "3th Serbian Open 2023"]
[Site "Hotel Metropol, Serbia"]
[Date "2023.07.18"]
[Round "3.6"]
[White "Parkhov, Yair"]
[Black "Djordjevic, Vuk"]
[Result "1/2-1/2"]
[WhiteElo "2484"]
[BlackElo "2385"]
[PlyCount "166"]
[EventDate "2023.??.??"]

1. e4 e6 2. d4 d5 3. Nc3 Bb4 4. e5 c5 5. a3 Bxc3+ 6. bxc3 Ne7 7. Qg4 Qc7 8. Bd3 c4 9. Be2 Nf5 10. h4 Bd7 11. h5 h6 12. a4 Qa5 13. Bd2 Nc6 14. Nf3 b5 15. O-O bxa4 16. Qh3 O-O-O 17. Ra2 Kb7 18. Rfa1 Nb8 19. g4 Ne7 20. Bc1 Na6 21. Nd2 Bc6 22. Ba3 Nc8 23. f4 Rd7 24. Rf1 Qd8 25. Raa1 Nc7 26. Rf2 Nb5 27. Bb4 Ka8 28. Qe3 Rb7 29. f5 Nb6 30. f6 Qg8 31. fxg7 Qxg7 32. Kh2 Qh7 33. Bd1 Nd7 34. Bf3 Nb8 35. Bg2 Qg8 36. Kh3 Qh7 37. Nb1 Na6 38. Ba5 Rhb8 39. Nd2 Rc8 40. Ra2 Nb8 41. Rf6 Rh8 42. Bb4 Nd7 43. Nxc4 Nxf6 44. exf6 Rc8 45. Ne5 Qh8 46. Be7 Qe8 47. Rxa4 Nxc3 48. Ra5 Ne4 49. Qxh6 Rxe7 50. fxe7 Qxe7 51. Bxe4 dxe4 52. Rc5 Bb7 53. Rxc8+ Bxc8 54. Qf4 f6 55. Nc4 Qb4 56. Nd6 Qc3+ 57. Qg3 Qxc2 58. Qg2 Qc3+ 59. Kh2 Bb7 60. Nxb7 Qc7+ 61. Kh3 Qxb7 62. g5 Qd5 63. h6 fxg5 64. Qf2 e3 65. Qg2 e2 66. Qxe2 Qh1+ 67. Kg3 Qh4+ 68. Kg2 Qxh6 69. Qa6 Kb8 70. Qd6+ Kc8 71. d5 g4 72. Qc6+ Kd8 73. Qa8+ Ke7 74. Qxa7+ Kd6 75. dxe6 Qh3+ 76. Kg1 Qg3+ 77. Kh1 Qf3+ 78. Kg1 Qd1+ 79. Kg2 Qf3+ 80. Kg1 Qd1+ 81. Kg2 Qd5+ 82. Kg3 Qf3+ 83. Kh4 Qf6+ 1/2-1/2

[Event "3th Serbian Open 2023"]
[Site "Hotel Metropol, Serbia"]
[Date "2023.07.18"]
[Round "3.2"]
[White "Henriquez Villagra, Cristobal"]
[Black "Bryakin, Mikhail"]
[Result "1/2-1/2"]
[WhiteElo "2618"]
[BlackElo "2454"]
[PlyCount "152"]
[EventDate "2023.??.??"]

1. e4 c5 2. Nf3 e6 3. d4 cxd4 4. Nxd4 Nf6 5. Nc3 Nc6 6. a3 d5 7. Bb5 Bd7 8. exd5 Nxd4 9. Bxd7+ Qxd7 10. Qxd4 Nxd5 11. Nxd5 Qxd5 12. Qxd5 exd5 13. Be3 b6 14. O-O-O O-O-O 15. Rd3 Bc5 16. Bxc5 bxc5 17. Re1 c4 18. Rh3 Rd7 19. Kd2 Kc7 20. Kc3 Rb8 21. Rxh7 d4+ 22. Kxc4 Rxb2 23. Kd3 Ra2 24. Rb1 g6 25. Rb3 Ra1 26. Kd2 Kd6 27. Rh4 Ke5 28. Rg4 Ra2 29. Rg5+ Ke6 30. Rc5 d3 31. Rxd3 Rxd3+ 32. Kxd3 Rxa3+ 33. Kd2 Ra1 34. h4 a5 35. Rc6+ Kf5 36. Rc3 a4 37. Rf3+ Ke6 38. Re3+ Kd6 39. Rd3+ Ke6 40. Re3+ Kd6 41. g3 a3 42. Rb3 a2 43. Ra3 Kd5 44. Kc3 Rf1 45. Rxa2 Rxf2 46. Ra5+ Kd6 47. Rg5 Rg2 48. Kb3 Rg1 49. Kc4 Rg2 50. c3 Kc6 51. Kb3 Rg1 52. Kb4 Rg2 53. Kc4 Rg1 54. Rg4 Rg2 55. Kd4 Kd6 56. c4 Rd2+ 57. Kc3 Rg2 58. Rd4+ Kc5 59. Rd5+ Kc6 60. Rd3 Kc5 61. Rf3 f5 62. h5 gxh5 63. Rxf5+ Kc6 64. Rg5 Rh2 65. Kd4 h4 66. Rg6+ Kc7 67. g4 h3 68. Kc5 Rg2 69. Rg7+ Kb8 70. Kb6 Rb2+ 71. Kc6 h2 72. Rh7 Rg2 73. c5 Rxg4 74. Rh8+ Ka7 75. Rxh2 Rg6+ 76. Kb5 Kb7 1/2-1/2

[Event "3th Serbian Open 2023"]
[Site "Hotel Metropol, Serbia"]
[Date "2023.07.18"]
[Round "3.30"]
[White "Medancic, Rikard"]
[Black "Shohat, Yotam"]
[Result "0-1"]
[WhiteElo "2162"]
[BlackElo "2363"]
[PlyCount "94"]
[EventDate "2023.??.??"]

1. d4 Nf6 2. Nf3 g6 3. Bg5 Bg7 4. Nbd2 d5 5. e3 O-O 6. Be2 c5 7. c3 Nc6 8. O-O cxd4 9. exd4 h6 10. Bh4 Nh5 11. Re1 g5 12. Bg3 Nxg3 13. hxg3 Bf5 14. Nf1 Qb6 15. Qb3 e6 16. Ne3 Be4 17. Nd2 Bg6 18. Bd1 Qa5 19. Qa4 b5 20. Qxa5 Nxa5 21. Bc2 Bxc2 22. Nxc2 g4 23. f4 Rab8 24. b4 Nb7 25. Nb3 a5 26. a3 Rfc8 27. Nc5 Nd6 28. Ne3 Ne4 29. Nxg4 Nxc3 30. Ne5 Ra8 31. Rac1 axb4 32. axb4 Na2 33. Rb1 Ra3 34. Rb2 Rca8 35. Ra1 Nc3 36. Rxa3 Rxa3 37. Rc2 h5 38. Kh2 Bf6 39. Ncd7 Bg7 40. Nc5 Bxe5 41. fxe5 Ne4 42. Nb7 Rb3 43. Nd6 Rxb4 44. Rc8+ Kg7 45. Rb8 Rxd4 46. Rxb5 Nf2 47. Ne8+ Kg6 0-1

[Event "3th Serbian Open 2023"]
[Site "Hotel Metropol, Serbia"]
[Date "2023.07.18"]
[Round "3.7"]
[White "Cheng, Bobby"]
[Black "Spasic, Petar"]
[Result "1-0"]
[WhiteElo "2572"]
[BlackElo "2303"]
[PlyCount "61"]
[EventDate "2023.??.??"]

1. Nf3 Nf6 2. c4 c6 3. d4 d5 4. e3 e6 5. Bd3 Nbd7 6. b3 Bd6 7. Bb2 b6 8. O-O O-O 9. Nc3 Bb7 10. Qc2 c5 11. cxd5 exd5 12. Nb5 Be7 13. Rfd1 a6 14. Nc3 Qc7 15. Bf5 Bd6 16. dxc5 bxc5 17. Ne2 Rfe8 18. Rac1 Ne4 19. Ng3 Ndf6 20. Qb1 Qe7 21. Bxe4 Nxe4 22. Nf5 Qd7 23. Nxg7 Rf8 24. Nh5 f5 25. Ba1 f4 26. Qb2 fxe3 27. fxe3 d4 28. exd4 Rxf3 29. gxf3 Kf7 30. d5 Rg8+ 31. Ng7 1-0

[Event "3th Serbian Open 2023"]
[Site "Hotel Metropol, Serbia"]
[Date "2023.07.18"]
[Round "3.15"]
[White "Huseynova, Lala"]
[Black "Ivanov, Mikhail M"]
[Result "0-1"]
[WhiteElo "1711"]
[BlackElo "2275"]
[PlyCount "64"]
[EventDate "2023.??.??"]

1. e4 d6 2. d4 g6 3. Nc3 a6 4. g4 b5 5. a3 Bb7 6. h4 h6 7. Be3 Nd7 8. Bg2 c5 9. Nge2 Ngf6 10. Ng3 cxd4 11. Bxd4 Ne5 12. g5 hxg5 13. hxg5 Rxh1+ 14. Bxh1 Nfd7 15. f4 Nc6 16. e5 dxe5 17. fxe5 Qb8 18. Qd2 Nxd4 19. Bxb7 Qxe5+ 20. Nge2 Ra7 21. Bd5 Qxd5 22. Nxd5 Nf3+ 23. Kd1 Nxd2 24. Kxd2 Ne5 25. a4 Rd7 26. Nef4 e6 27. axb5 exd5 28. bxa6 Nc6 29. Nd3 Be7 30. Ne5 Nxe5 31. a7 Nc4+ 32. Kd3 Nb6 0-1

[Event "3th Serbian Open 2023"]
[Site "Hotel Metropol, Serbia"]
[Date "2023.07.18"]
[Round "3.17"]
[White "Sonis, Francesco"]
[Black "Shahil, Dey"]
[Result "1/2-1/2"]
[WhiteElo "2568"]
[BlackElo "2333"]
[PlyCount "71"]
[EventDate "2023.??.??"]

1. d4 Nf6 2. c4 c6 3. Nf3 d5 4. e3 Bf5 5. Nc3 e6 6. Nh4 Bg6 7. Qb3 Qb6 8. Nxg6 hxg6 9. Bd2 Qxb3 10. axb3 Nbd7 11. g3 Ng4 12. h3 f5 13. cxd5 exd5 14. f3 Ngf6 15. Bd3 Bb4 16. O-O-O Kf7 17. g4 fxg4 18. hxg4 Rxh1 19. Rxh1 Nf8 20. g5 Ng8 21. e4 Ne7 22. Rh8 Rd8 23. Be3 Ne6 24. Rh4 Ba5 25. Ne2 Bb6 26. b4 a6 27. Kd2 Bc7 28. Kc3 Rf8 29. e5 Nf5 30. Bxf5 gxf5 31. f4 Rg8 32. Ng1 g6 33. Rh7+ Rg7 34. Rh6 Nf8 35. Nf3 Rh7 36. Rxh7+ 1/2-1/2

[Event "3th Serbian Open 2023"]
[Site "Hotel Metropol, Serbia"]
[Date "2023.07.18"]
[Round "3.29"]
[White "Subelj, Jan"]
[Black "Beukes, Dante M"]
[Result "1-0"]
[WhiteElo "2513"]
[BlackElo "2180"]
[PlyCount "73"]
[EventDate "2023.??.??"]

1. d4 d5 2. c4 e6 3. Nf3 Nf6 4. g3 dxc4 5. Bg2 c5 6. O-O Nc6 7. Qa4 Bd7 8. Qxc4 b5 9. Qd3 c4 10. Qd1 Rc8 11. Bf4 Be7 12. a3 O-O 13. Nc3 Na5 14. Qc2 Bc6 15. e4 Qb6 16. Rfe1 Ba8 17. Rad1 Nb3 18. d5 Bc5 19. d6 Ng4 20. Rf1 e5 21. Nxe5 Nxe5 22. Bxe5 Rcd8 23. Bf4 Nd4 24. Qb1 a6 25. e5 Nf3+ 26. Kh1 Rfe8 27. Nd5 Bxd5 28. Rxd5 Nd4 29. b4 cxb3 30. Rc1 Bxa3 31. Be3 Bxc1 32. Bxd4 Qa5 33. Qxc1 Rc8 34. Qd1 Red8 35. Bh3 Rc2 36. e6 Rd2 37. exf7+ 1-0

[Event "3th Serbian Open 2023"]
[Site "Hotel Metropol, Serbia"]
[Date "2023.07.18"]
[Round "3.24"]
[White "Urazayev, Arystanbek"]
[Black "Kurmangaliyeva, Liya"]
[Result "1-0"]
[WhiteElo "2427"]
[BlackElo "2225"]
[PlyCount "111"]
[EventDate "2023.??.??"]

1. e4 c5 2. Nf3 e6 3. d4 cxd4 4. Nxd4 Nc6 5. Nc3 Nf6 6. a3 d6 7. Be3 Be7 8. Be2 O-O 9. Qd3 Bd7 10. f4 e5 11. Nxc6 bxc6 12. fxe5 dxe5 13. O-O Ng4 14. Bxg4 Bxg4 15. Qc4 Qb8 16. b3 Be6 17. Qe2 Qc7 18. Qf2 c5 19. Rad1 c4 20. b4 a5 21. Bb6 Qc8 22. Nd5 Bxd5 23. exd5 Bd6 24. Bc5 Qc7 25. Bxd6 Qxd6 26. Qc5 Qg6 27. d6 axb4 28. axb4 Qxc2 29. d7 e4 30. Qe7 Rad8 31. Rd5 Qe2 32. Re5 Qe3+ 33. Kh1 f6 34. Rd5 Qe2 35. Rc1 Qb2 36. Rdd1 Qe5 37. Qc5 Qe6 38. Qxc4 Qxc4 39. Rxc4 f5 40. Kg1 Kf7 41. Kf2 Ke7 42. Rcd4 Rf6 43. Ke3 Rb6 44. Kf4 Ke6 45. g4 fxg4 46. Rxe4+ Kf7 47. Rd5 Re6 48. Red4 Re2 49. Kg3 Ke6 50. b5 Re4 51. Rxe4+ Kxd5 52. Re7 Kd6 53. Rxg7 Rxd7 54. Rxd7+ Kxd7 55. Kxg4 Kc7 56. Kg5 1-0

[Event "3th Serbian Open 2023"]
[Site "Hotel Metropol, Serbia"]
[Date "2023.07.18"]
[Round "3.8"]
[White "Eric, Jovana"]
[Black "Campos Gomez, Manuel"]
[Result "0-1"]
[WhiteElo "2155"]
[BlackElo "2316"]
[PlyCount "62"]
[EventDate "2023.??.??"]

1. e4 Nf6 2. e5 Nd5 3. c4 Nb6 4. d4 d6 5. f4 Bf5 6. Nc3 e6 7. Be3 dxe5 8. dxe5 Nc6 9. Nf3 Bb4 10. a3 Bxc3+ 11. bxc3 Qxd1+ 12. Rxd1 Na5 13. c5 Nd5 14. Bd2 Nb3 15. Nd4 Nxd2 16. Rxd2 Nxf4 17. Nxf5 exf5 18. Rf2 Ne6 19. Rxf5 O-O 20. Bc4 Rae8 21. O-O Re7 22. Rb1 g6 23. Rf3 Nxc5 24. Re1 Kg7 25. Kf2 Rfe8 26. Rfe3 Nd7 27. Rf3 Nxe5 28. Rxe5 Rxe5 29. Rxf7+ Kh6 30. Rxc7 Rf5+ 31. Kg3 Re3+ 0-1

[Event "3th Serbian Open 2023"]
[Site "Hotel Metropol, Serbia"]
[Date "2023.07.18"]
[Round "3.14"]
[White "Yalcinkaya, Efe"]
[Black "Pavlov, Mark"]
[Result "0-1"]
[WhiteElo "1907"]
[BlackElo "2286"]
[PlyCount "170"]
[EventDate "2023.??.??"]

1. e4 e6 2. d4 d5 3. e5 c5 4. c3 Nc6 5. Nf3 Bd7 6. Be2 f6 7. O-O fxe5 8. Nxe5 Nxe5 9. dxe5 Qc7 10. Bf4 O-O-O 11. Nd2 Nh6 12. c4 Be7 13. cxd5 exd5 14. Rc1 Rhf8 15. Bg3 Be6 16. b4 c4 17. Nf3 Nf5 18. Nd4 Nxd4 19. Qxd4 Qb6 20. Qxb6 axb6 21. a3 b5 22. Rfd1 Bg5 23. Rc2 d4 24. h4 Bh6 25. Bd3 c3 26. Bxb5 Bb3 27. Rxd4 Rxd4 28. Rxc3+ Kd8 29. Rxb3 Bf4 30. Rf3 Ke7 31. Bxf4 Rfxf4 32. Rxf4 Rxf4 33. g3 Re4 34. Bd3 Rxe5 35. a4 Re1+ 36. Kg2 Ra1 37. Be4 Rxa4 38. Bxb7 Rxb4 39. Bf3 Kf6 40. g4 Ke5 41. Kg3 Rb3 42. g5 Kf5 43. Kg2 Kf4 44. Bd5 Rb6 45. Bf3 Re6 46. Bd5 Re1 47. Kh3 Rd1 48. Bc6 Rc1 49. Bd5 Rc3+ 50. Kg2 Kg4 51. Bg8 Kxh4 52. Bxh7 Kxg5 53. Bb1 Kf4 54. Bg6 Rc5 55. Be8 g5 56. Bg6 g4 57. Bd3 Rc3 58. Ba6 Rc2 59. Kg1 Rb2 60. Bc4 Kg5 61. Kg2 Kh4 62. Kg1 Rb1+ 63. Kg2 Rc1 64. Ba6 Rc3 65. Bf1 Rc2 66. Kg1 g3 67. f3 Kg5 68. Bd3 Rd2 69. Be4 Kf4 70. Bb7 g2 71. Kh2 Ke3 72. Kg1 Rb2 73. Bc6 Kf4 74. Kh2 Kg5 75. Bd5 Rd2 76. Bb7 Kf4 77. Bc6 Ra2 78. Bd5 Ra5 79. Bc6 Rg5 80. Kg1 Kg3 81. f4 Kxf4 82. Bb7 Kg3 83. Be4 Re5 84. Bxg2 Re1+ 85. Bf1 Ra1 0-1

[Event "3th Serbian Open 2023"]
[Site "Hotel Metropol, Serbia"]
[Date "2023.07.18"]
[Round "3.18"]
[White "Uskov, Artem"]
[Black "Petrov, Nikita"]
[Result "0-1"]
[WhiteElo "2371"]
[BlackElo "2559"]
[PlyCount "132"]
[EventDate "2023.??.??"]

1. e4 c6 2. Nc3 d5 3. Nf3 Bg4 4. h3 Bxf3 5. Qxf3 e6 6. g3 Nd7 7. Bg2 d4 8. Ne2 Qb6 9. Qb3 Qxb3 10. axb3 d3 11. Nf4 dxc2 12. d4 e5 13. Nd3 exd4 14. Kd2 Nc5 15. Kxc2 Nf6 16. Nxc5 Bxc5 17. f4 d3+ 18. Kxd3 O-O-O+ 19. Kc2 Rhe8 20. Re1 Nd5 21. Bd2 Nb4+ 22. Bxb4 Bxb4 23. Red1 Rxd1 24. Rxd1 Rd8 25. e5 Rxd1 26. Kxd1 Bc5 27. Be4 h6 28. Ke2 Bd4 29. Kf3 Bxb2 30. h4 Kc7 31. g4 Kb6 32. g5 hxg5 33. hxg5 Kc7 34. Bh7 Kd8 35. Be4 a5 36. Kg4 Kd7 37. Bf5+ Kc7 38. Bh7 Kd8 39. Be4 Bc3 40. Kf3 Kd7 41. Bf5+ Ke7 42. Be4 Ke6 43. Bd3 Kd7 44. Bf5+ Kc7 45. Bh7 f6 46. exf6 gxf6 47. Ke4 fxg5 48. fxg5 Kd6 49. Bf5 Kc5 50. Bc8 b6 51. Kd3 Kb4 52. Kc2 Bg7 53. Be6 b5 54. Kb1 c5 55. Bd7 a4 56. bxa4 Kxa4 57. Be6 c4 58. Kc2 Kb4 59. Bd7 Kc5 60. Be6 b4 61. Kb1 b3 62. Bf7 Kb4 63. Bg6 Be5 64. Bf5 Bf4 65. g6 Bh6 66. Be4 c3 0-1

[Event "3th Serbian Open 2023"]
[Site "Hotel Metropol, Serbia"]
[Date "2023.07.18"]
[Round "3.9"]
[White "Bhattacharyya, Soham"]
[Black "Wen, Teddie"]
[Result "1-0"]
[WhiteElo "2146"]
[BlackElo "2306"]
[PlyCount "75"]
[EventDate "2023.??.??"]

1. d4 Nf6 2. c4 g6 3. Nf3 Bg7 4. g3 O-O 5. Bg2 d6 6. O-O c5 7. Nc3 Nc6 8. d5 Na5 9. Nd2 e6 10. Qc2 Re8 11. e4 exd5 12. cxd5 Bd7 13. b3 b5 14. Bb2 b4 15. Nd1 Bb5 16. Nc4 Ng4 17. Re1 Bxc4 18. bxc4 Rb8 19. Bxg7 Kxg7 20. h3 Qf6 21. Nb2 Ne5 22. f4 Nd7 23. Qf2 h5 24. Rad1 h4 25. Rd3 hxg3 26. Rxg3 Rh8 27. Rf3 Rbe8 28. e5 Qh4 29. Rfe3 Nb6 30. Qf1 dxe5 31. Re4 Nd7 32. fxe5 Qd8 33. Nd3 Rh5 34. Rf4 Nxe5 35. Nxe5 Rexe5 36. Rxf7+ Kh6 37. Qf4+ Qg5 38. Rxe5 1-0

[Event "3th Serbian Open 2023"]
[Site "Hotel Metropol, Serbia"]
[Date "2023.07.18"]
[Round "3.23"]
[White "Tulchynskyi, Feliks"]
[Black "Atalik, Suat"]
[Result "1/2-1/2"]
[WhiteElo "2248"]
[BlackElo "2438"]
[PlyCount "106"]
[EventDate "2023.??.??"]

1. d4 d5 2. c4 dxc4 3. Nf3 Nf6 4. e3 e6 5. Bxc4 c5 6. O-O a6 7. dxc5 Bxc5 8. Qxd8+ Kxd8 9. Be2 Ke7 10. Ne5 Bd7 11. Bf3 Nc6 12. Nxd7 Nxd7 13. Bxc6 bxc6 14. Nc3 Bb4 15. Na4 c5 16. b3 c4 17. bxc4 Rhc8 18. c5 Rab8 19. Bb2 Nxc5 20. Nxc5 Bxc5 21. Rab1 f6 22. g3 Bd6 23. Bd4 e5 24. Ba7 Rb5 25. a4 Rb4 26. a5 Rcc4 27. Rfd1 Ke6 28. Bb6 Rxb1 29. Rxb1 e4 30. g4 g5 31. h3 f5 32. gxf5+ Kxf5 33. Bd8 Rc8 34. Bb6 g4 35. Rd1 Ke6 36. hxg4 Rg8 37. f3 exf3 38. Kf2 Rxg4 39. Rh1 Rg7 40. Rh6+ Kd7 41. Kxf3 Rf7+ 42. Ke4 Bf8 43. Rh5 h6 44. Kd5 Rf1 45. Bd4 Rb1 46. Rf5 Rb5+ 47. Ke4 Rxf5 48. Kxf5 Bb4 49. Bb6 h5 50. Kg5 Ke6 51. e4 Ke5 52. Kxh5 Kxe4 53. Kg4 Ke5 1/2-1/2

[Event "3th Serbian Open 2023"]
[Site "Hotel Metropol, Serbia"]
[Date "2023.07.18"]
[Round "3.5"]
[White "Manafov, Vugar"]
[Black "Avila Pavas, Santiago"]
[Result "0-1"]
[WhiteElo "2385"]
[BlackElo "2499"]
[PlyCount "70"]
[EventDate "2023.??.??"]

1. Nf3 c5 2. g3 Nf6 3. Bg2 d5 4. O-O e6 5. c4 d4 6. d3 Nc6 7. e3 Be7 8. exd4 cxd4 9. Na3 Bxa3 10. bxa3 O-O 11. Rb1 e5 12. Bg5 h6 13. Bxf6 Qxf6 14. Qc2 Rb8 15. Nd2 Bf5 16. Ne4 Qe7 17. c5 Bxe4 18. Bxe4 Nd8 19. Rb5 a6 20. Rb6 Ne6 21. Rc1 Rbc8 22. c6 bxc6 23. Rxa6 c5 24. Qc4 Ng5 25. Bg2 e4 26. Bxe4 Nxe4 27. Re1 Qb7 28. Rxe4 Rfe8 29. f3 Rxe4 30. fxe4 Qb1+ 31. Kg2 Rb8 32. Qd5 Rb2+ 33. Kh3 Qf1+ 34. Kg4 Rf2 35. h3 Qe2+ 0-1

[Event "3th Serbian Open 2023"]
[Site "Hotel Metropol, Serbia"]
[Date "2023.07.18"]
[Round "3.16"]
[White "Wen, Tommy"]
[Black "Tolstykh, Viktor"]
[Result "1-0"]
[WhiteElo "2406"]
[BlackElo "1845"]
[PlyCount "71"]
[EventDate "2023.??.??"]

1. e4 c5 2. Nf3 d6 3. d4 cxd4 4. Nxd4 Nf6 5. Nc3 a6 6. f4 e5 7. Nb3 Nc6 8. Bd3 Be7 9. O-O O-O 10. Nd5 Nxd5 11. exd5 Nb4 12. Be4 f5 13. Bf3 a5 14. c3 Na6 15. a4 Rb8 16. Kh1 b6 17. Be3 Nc5 18. Be2 Bb7 19. Bc4 Kh8 20. Nxc5 bxc5 21. b4 exf4 22. Bxf4 Qc7 23. bxa5 Qxa5 24. Re1 Qc7 25. Qd2 Bf6 26. a5 h6 27. Re6 Rbd8 28. Bxh6 Bc8 29. Rxf6 Rxf6 30. Bg5 Rf7 31. Bxd8 Qxd8 32. a6 Ra7 33. Qe2 Re7 34. Qh5+ Kg8 35. a7 Qa5 36. Qd1 1-0